000 00679nab a2200205 4500
999 _c235896
_d235896
001 29311
003 OSt
005 20210720113354.0
007 tu
008 110905s1944|||||||
040 _aDE-2950
_cDE-2950
041 _ager
245 0 4 _aZwei Nummern kleiner.
_bStadt wird 768: Der bunte Hering fiel aus. Doch im kleinen, erlaubten Rahmen ließen es sich auch einige Bürger am Sonnabend nicht nehmen, das Jubiläum zu feiern /
_cRené Matschkowiak
264 _c2021
500 _aFormat: 1
653 _aFrankfurt (Oder)
653 _aStadtfest / 768. Geburtstag
773 0 _g32. Jahrgang, Nr. 159 vom 12.07.2021, S. 13: Foto
_tMärkische Oderzeitung
942 _2z
_cA